[Event "Catalunya-chT Gp1"]
[Site "Barcelona"]
[Date "2022.02.05"]
[Round "3.9"]
[White "Garcia Lopez, Nicolas"]
[Black "Garcia Busquets, Jordi"]
[Result "1/2-1/2"]
[WhiteElo "2031"]
[BlackElo "1996"]
[PlyCount "60"]
[EventDate "2022.01.22"]
[EventType "team-tourn"]
[EventRounds "9"]
[EventCountry "ESP"]
[SourceTitle "CBM 206 Extra"]
[Source "ChessBase"]
[SourceDate "2022.03.31"]
[SourceVersion "1"]
[SourceVersionDate "2022.03.31"]
[SourceQuality "1"]
[WhiteTeam "Sant Andreu"]
[BlackTeam "Gerunda"]
[WhiteTeamCountry "ESP"]
[BlackTeamCountry "ESP"]

1. e4 e6 2. d4 d5 3. Bd3 dxe4 4. Bxe4 Nf6 5. Bf3 c5 6. Ne2 Nc6 7. Be3 cxd4 8. Nxd4 Ne5 9. Nc3 Be7 10. Qe2 0-0 11. 0-0-0 Qa5 12. Nb3 Qc7 13. Nb5 Qc4 14. Qxc4 Nxc4 15. Bc5 Bxc5 16. Nxc5 Rb8 17. b3 Ne5 18. Nxa7 Nxf3 19. gxf3 Ra8 20. Nxc8 Rfxc8 21. Na4 Rc6 22. Rd2 g6 23. Rhd1 Nd5 24. Rxd5 exd5 25. Rxd5 Rac8 26. c4 Rf6 27. Rd3 b5 28. Nb2 Rf4 29. Kd2 bxc4 30. Nxc4 Rh4 1/2-1/2

[Event "Girona-ch"]
[Site "Sant Gregori"]
[Date "2019.11.24"]
[Round "6"]
[White "Garcia Busquets, Jordi"]
[Black "Vilanova Guardiola, Josep Maria"]
[Result "1/2-1/2"]
[WhiteElo "1965"]
[BlackElo "1831"]
[PlyCount "48"]
[EventDate "2019.10.13"]
[EventType "swiss"]
[EventRounds "9"]
[EventCountry "ESP"]
[SourceTitle "CBM 194 Extra"]
[Source "ChessBase"]
[SourceDate "2020.03.31"]
[SourceVersion "1"]
[SourceVersionDate "2020.03.31"]
[SourceQuality "1"]

1. e4 c6 2. d4 d5 3. e5 Bf5 4. c4 e6 5. Nc3 Nd7 6. a3 dxc4 7. Bxc4 Nb6 8. Bb3 Ne7 9. Nge2 Ned5 10. Ng3 Bg6 11. 0-0 Be7 12. Nce4 0-0 13. f4 f5 14. exf6 Bxf6 15. Nc5 Qc8 16. Re1 Re8 17. Nge4 Bxe4 18. Rxe4 a5 19. Qe2 a4 20. Ba2 Nd7 21. Nxe6 Nf8 22. Nxf8 Bxd4+ 23. Kh1 Kxf8 24. Bd2 Qd7 1/2-1/2

[Event "Girona-ch"]
[Site "Sant Gregori"]
[Date "2019.11.10"]
[Round "4"]
[White "Garcia Busquets, Jordi"]
[Black "Roqueta Maffei, Oscar Nahuel"]
[Result "1/2-1/2"]
[WhiteElo "1965"]
[BlackElo "1683"]
[PlyCount "40"]
[EventDate "2019.10.13"]
[EventType "swiss"]
[EventRounds "9"]
[EventCountry "ESP"]
[SourceTitle "CBM 194 Extra"]
[Source "ChessBase"]
[SourceDate "2020.03.31"]
[SourceVersion "1"]
[SourceVersionDate "2020.03.31"]
[SourceQuality "1"]

1. e4 e6 2. d3 c5 3. Nf3 Nc6 4. g3 Be7 5. Bg2 d6 6. 0-0 Nf6 7. c3 h6 8. h4 0-0 9. Re1 e5 10. Nbd2 Qc7 11. Nf1 d5 12. Qc2 d4 13. N1h2 Bd6 14. Nd2 Ng4 15. Nc4 Nxh2 16. Kxh2 f5 17. Nxd6 Qxd6 18. f4 fxe4 19. Bxe4 exf4 20. Bxf4 Qf6 1/2-1/2

[Event "Platja d'Aro op 4th"]
[Site "Platja d'Aro"]
[Date "2016.06.27"]
[Round "4"]
[White "Garcia Busquets, Jordi"]
[Black "Castrillon Otero, Javier"]
[Result "1-0"]
[WhiteElo "2019"]
[BlackElo "1968"]
[PlyCount "69"]
[EventDate "2016.06.25"]
[EventType "swiss"]
[EventRounds "9"]
[EventCountry "ESP"]
[SourceTitle "EXT 2017"]
[Source "ChessBase"]
[SourceDate "2016.10.25"]
[SourceVersion "1"]
[SourceVersionDate "2016.10.25"]
[SourceQuality "1"]

1. e4 c5 2. Nf3 d6 3. d3 Nf6 4. g3 Nc6 5. Bg2 g6 6. 0-0 Bg7 7. c3 e5 8. a3 0-0 9. b4 b6 10. Re1 Re8 11. Nbd2 Bg4 12. h3 Bd7 13. Nc4 Qc7 14. Bg5 a5 15. b5 Ne7 16. a4 Be6 17. Bxf6 Bxf6 18. Rc1 Rad8 19. Qe2 Bg7 20. d4 exd4 21. cxd4 Rc8 22. d5 Bd7 23. e5 Nf5 24. g4 Nd4 25. Nxd4 cxd4 26. exd6 Rxe2 27. dxc7 Rxe1+ 28. Rxe1 Rxc7 29. Nxb6 Bf6 30. d6 Ra7 31. Bc6 Be6 32. Nc8 Bxc8 33. Re8+ Kg7 34. Rxc8 d3 35. Kf1 1-0

[Event "Catalunya-chT Primera Gp2"]
[Site "Catalunya"]
[Date "2007.02.10"]
[Round "3"]
[White "Collado Pallas, David"]
[Black "Garcia Busquets, Jordi"]
[Result "1-0"]
[WhiteElo "2157"]
[BlackElo "2131"]
[PlyCount "65"]
[EventDate "2007.01.28"]
[EventType "team-tourn"]
[EventRounds "9"]
[EventCountry "ESP"]
[SourceTitle "EXT 2019"]
[Source "ChessBase"]
[SourceDate "2018.10.10"]
[SourceVersion "1"]
[SourceVersionDate "2018.10.10"]
[SourceQuality "1"]

1. d4 Nf6 2. c4 g6 3. Nc3 Bg7 4. e4 d6 5. f4 0-0 6. Nf3 c5 7. d5 e6 8. dxe6 fxe6 9. Be2 Nc6 10. 0-0 Qe7 11. Qe1 b6 12. Bd3 Bb7 13. Qh4 Nd4 14. Be3 e5 15. Rae1 Rae8 16. fxe5 dxe5 17. Bg5 Qd6 18. Nd5 Bxd5 19. exd5 Nh5 20. Nxd4 cxd4 21. Rxf8+ Kxf8 22. g4 Nf4 23. Bxf4 exf4 24. Rxe8+ Kxe8 25. Qxh7 Qe5 26. Qxg6+ Ke7 27. Qe4 Kd6 28. Qxe5+ Kxe5 29. Kf2 Bf6 30. b4 Be7 31. a3 Bf6 32. Kf3 Be7 33. Be4 1-0

[Event "Girona-ch"]
[Site "Barcelona"]
[Date "2001.11.11"]
[Round "6"]
[White "Garcia Busquets, Jordi"]
[Black "Ramirez Garcia, Lluis"]
[Result "1-0"]
[WhiteElo "2190"]
[BlackElo "2000"]
[PlyCount "107"]
[EventDate "2001.10.07"]
[EventType "swiss"]
[EventRounds "9"]
[EventCountry "ESP"]
[SourceTitle "EXT 2008"]
[Source "ChessBase"]
[SourceDate "2007.11.25"]
[SourceVersion "1"]
[SourceVersionDate "2007.11.25"]
[SourceQuality "1"]

1. e4 e5 2. Nf3 Nc6 3. Bc4 Nf6 4. d4 exd4 5. 0-0 Nxe4 6. Re1 d5 7. Bxd5 Qxd5 8. Nc3 Qd8 9. Rxe4+ Be7 10. Nxd4 0-0 11. Nxc6 bxc6 12. Qxd8 Bxd8 13. Bf4 Bf5 14. Rc4 Bxc2 15. Rc1 Re8 16. h3 Bf5 17. Rxc6 Bd7 18. Rc5 Rc8 19. Nb5 Bxb5 20. Rxb5 c6 21. Rbc5 Re6 22. b4 Bb6 23. R5c4 h6 24. Kf1 Kf8 25. a4 a5 26. b5 c5 27. Rd1 Ke8 28. Rd5 Rd8 29. Rxd8+ Kxd8 30. Be3 Re5 31. Ke2 Kd7 32. Kd3 f5 33. g4 Rd5+ 34. Kc3 Ke6 35. Rf4 fxg4 36. hxg4 h5 37. gxh5 Rxh5 38. Kc4 g6 39. Rg4 Kf5 40. Rf4+ Ke6 41. Rg4 Kf5 42. Rf4+ Ke6 43. Re4+ Kf6 44. f4 Kf7 45. Re5 Rxe5 46. fxe5 Ke6 47. Bxc5 Bc7 48. Bd4 g5 49. b6 Bb8 50. Kb5 g4 51. Kxa5 g3 52. Kb5 g2 53. Kc6 Bxe5 54. Bg1 1-0